000 00730nam a2200241Ia 4500
003 OSt
005 20220923213547.0
006 a|||||r|||| 00| 0
007 ta
008 220922b |||||||| |||| 00| 0 hin d
024 _a162,861
037 _cTextual
040 _aARTS
_cARTS
_bhin
041 _2hin
_ahin
082 _aO152,2NDUx, J9
100 _aदुग्गल, कर्तार सिंह
245 0 _aकहानी कैसे बनी !
246 _aKahānī kaise banī !
260 _c1959
650 _aहिन्दी साहित्य
_9156264
942 _hO152,2NDUx, J9
_cTEXL
_2CC
999 _c317341
_d317341